|
|
|
|
| LEADER |
00000nsc a2200000 a 4500 |
| 001 |
70931-3 |
| 005 |
20230308221606.0 |
| 008 |
000000|1970 ||||||||r|||||||||||spa|| |
| 040 |
|
|
|b spa
|
| 041 |
1 |
|
|a spa
|
| 082 |
0 |
|
|a 660.03
|
| 245 |
|
|
|a Reacciones químicas bajo irradiación
|c Hermann Mohler. Traducción de María Teresa Sales Cabanes
|h imp
|
| 264 |
|
|
|a Bilbao
|b Urmo
|c 1970
|
| 300 |
|
|
|a 314 páginas:
|b ilu
|c 24 cm
|
| 490 |
|
|
|a Enciclopedia de la Tecnología Química. Técnica de Procesos en las Industrias Químicas y Derivadas
|n tomo. 3
|
| 504 |
|
|
|a incl. ref.
|
| 650 |
|
|
|a Reacciones quimicas
|
| 650 |
|
|
|a Procesos quimicos
|
| 650 |
|
|
|a Radioactividad
|9 12801
|
| 650 |
|
|
|a Electrones
|9 36032
|
| 650 |
|
|
|a Neutrones
|9 291131
|
| 650 |
|
|
|a Reacciones
|9 39166
|
| 650 |
|
|
|a Irradiacion
|9 291132
|
| 700 |
1 |
|
|a Mohler, Hermann
|e director
|9 291130
|
| 852 |
|
|
|a UC-CDJBV
|c SEGUNDO PISO
|f Compra
|k margarita.gutierrez
|l 1
|m General
|p 00000000
|q 1.00
|r 2
|t 70931-3
|b 0
|d CDRC
|e CDRC
|g 660.03 SEGUNDO PISO
|z 0000-00-00
|
| 942 |
|
|
|
| 999 |
|
|
|c 137494
|d 137494
|